Couleurs, valeurs et noms des rubis dans Zelda - Statistiques

Statistiques générales
  • Ce quiz a été pris 171 fois
  • Le résultat moyen est 25 sur 37
Statistiques - réponses
Caractéristique Réponse % Correct
Couleurs Vert
100%
Noms Vert
100%
Valeurs 1
99%
Valeurs 10
99%
Valeurs 100
99%
Valeurs 5
99%
Couleurs Bleu
99%
Noms Bleu
99%
Couleurs Rouge
99%
Noms Rouge
99%
Valeurs 20
98%
Valeurs 50
98%
Valeurs 30
97%
Couleurs Doré
97%
Noms Doré
97%
Couleurs Violet
95%
Noms Violet
95%
Couleurs Argenté
93%
Noms Argenté
93%
Valeurs 200
92%
Valeurs 300
90%
Couleurs Jaune
83%
Noms Jaune
83%
Couleurs Orange
73%
Noms Orange
73%
Couleurs Noir
68%
Noms Gros bleu
8%
Noms Gros rouge
8%
Noms Gros vert
8%
Noms Gros doré
5%
Noms Roupir
5%
Noms Gros orange
3%
Noms Petit bleu
3%
Noms Petit rouge
3%
Noms Petit vert
3%
Valeurs Fragment de rubis
1%
Noms Rouge bleu
0%
Aucun quiz correspondant
Distribution des résultats
% des personnes avec chaque résultat
Percentile par nombre de réponses
Votre historique - résultats
Vous n’avez pas pris ce quiz